000 00662cam a2200241 4500
001 B3162
008 090401t1990 xxu||||| |||| 00| 0 eng d
035 _a(Sirsi) u54405
041 _aeng
050 _a658.1552
100 _aFarrow, J. J.
245 _aPerformance setting and monitoring on building projects for contractors
260 _aAscot,Berks
_bChartered Institute of Building
_c1990
300 _a8p. ; 30cm.
350 _a3
490 _aTechnical Information Service
_v119
650 _aCOST CONTROL
650 _aPERFORMANCE MONITORING
650 _aPERFORMANCE SETTING
700 _aRutter, D.K.
942 _n0
948 _c04/03/1997
999 _c93467
_d93467